00738nam a2200181 a 45000010005000000030009000050080041000140200015000550400028000700820017000981000040001152450057001552600038002123000011002505050249002616500023005106500023005338071CO-ViMGA141112s2004 ck r 000 u spa d a8428327181 aCO-ViMGAbspacCO-ViMGA04a581.19 S154f1 aSalisbury, Frank B.; Ross, Cleon W.10aFisiología de las plantas : bBioquímica vegetal aMadríd (E), cParaninfo, c2000 a523.p. aEnzimas, proteinas y aminoacidos Fotosintesis . Cloroplastos y luz Fijación del dióxido de carbono y síntesis de los carbohidratos Fotosintesis : Aspectos ambientales y agricolas Respiración Asimilación de nitrogeno y azufre Lípidos14aBIOQUIMICA VEGETAL14aFISIOLOGIA VEGETAL